=LDR 00000nam 2200000 4500 =001 NUTBA000000000002714 =005 20240627084617 =035 ##$$a 0010-061400000000657 =008 240627###########################0###### =020 ##$$a 978-979-27-8318-6 =082 ##$$a 567.91 =090 ##$$a 567.91 $b Les b =100 ##$$a Lessem, Dino Don =245 1#$$a Berjumpa dengan dinosaurus berzirah /$c Dino Don Lessem; Alih bahasa Sigit Djatmiko =260 ##$$a Jakarta :$b Elex Media Komputindo,$c 2010 =300 ##$$a 32 hlm. : $b ilus ; $c 20 X 20 cm. =850 ##$$a NBPBMAT =084 ##$$a 567.91 LES b =700 #$$a Alih bahasa Sigit Djatmiko =990 ##$$a 21400613/BPAP-NTB/20142014 =990 ##$$a 21100843 =990 ##$$a 21400613/BPAP-NTB/20142014 =990 ##$$a 21100843 =990 ##$$a 21100841 =990 ##$$a 21100843 =990 ##$$a 21100841 =990 ##$$a 21100843